000 00478pab a2200193 454500
008 180718b2013 xxu||||| |||| 00| 0 eng d
100 _aRoberts, Andrew
245 _aDo electoral law affect-women's representation
260 _c2013
300 _ap.1555-158
362 _aNov
650 _aWomen
650 _aElectoral systems
700 _aCyr, Jennifer
700 _aSeawright, Jason
773 _aComparative Political Studies
908 _aN
909 _a103127
999 _c103124
_d103124